| 000 | 00498nam a22002177a 4500 | ||
|---|---|---|---|
| 003 | UA-OsUOA | ||
| 001 | 48487 | ||
| 007 | ta | ||
| 008 | 20070906b un ||||| |||| 00| 0 ukr d | ||
| 090 |
_a82.09 _bЛ64 |
||
| 942 | _cBK | ||
| 040 |
_aUA-OsUOA _bukr _cUA-OsUOA _dUA-OsUOA |
||
| 245 | _aЛітература правди і прогресу | ||
| 300 | _a365 с. | ||
| 955 | _a2 | ||
| 041 | _aukr | ||
| 080 | _a82.09 | ||
| 260 |
_aК. _bДніпро _c1974 |
||
| 650 | 7 | _2UDC | |
| 999 |
_c334603 _d334603 |
||